[Event "CZE-ch"]
[Site "Zlin"]
[Date "1997.06.12"]
[Round "1"]
[White "Babula, Vlastimil"]
[Black "Blatny, Pavel"]
[Result "0-1"]
[WhiteElo "2535"]
[BlackElo "2540"]
[Annotator "Blatny,P"]
[PlyCount "80"]
[EventDate "1997.06.12"]
[EventType "tourn"]
[EventRounds "11"]
[EventCountry "CZE"]
[EventCategory "10"]
[SourceTitle "CBM 061"]
[Source "ChessBase"]
[SourceDate "1997.11.23"]
[SourceVersion "1"]
[SourceVersionDate "1997.11.23"]
[SourceQuality "1"]

1. d4 {Stohl} Nf6 2. c4 Nc6 $5 3. Nf3 (3. Nc3 e5 4. d5 Ne7 5. e4 Ng6 6. Be3 (6.
Bd3 Bc5 7. Nge2 Ng4 $19 {0-1 Touzane,O-Appleberry,M/Paris-ch 1992 (26)}) 6...
Bb4 7. f3 Bxc3+ 8. bxc3 d6 9. c5 O-O 10. h4 $13 {Jelen,I-Dizdarevic,E/
Ljubljana Iskra 1992/0-1 (38)}) (3. d5 Ne5 4. Qd4 Ng6 5. e4 e5 6. Qd3 Bc5 7.
Be3 Bxe3 8. Qxe3 O-O $11 {0-1 Svela,A-Efimov,I/Gausdal International 1991 (24)}
) 3... e6 (3... d6 4. g3 (4. Nc3 Bg4 5. d5 Nb8 (5... Bxf3 6. exf3 Ne5 7. f4
Ned7 8. g3 g6 9. Bg2 Bg7 10. O-O O-O 11. Be3 $14 {Dokhoian,Y-Donner,B/Porz op
1992/1-0 (63)}) 6. e4 g6 7. Be2 Bg7 8. O-O O-O 9. Be3 Nbd7 10. h3 Bxf3 11. Bxf3
e6 $11 {1-0 Cruz Lopez Claret,C-Tiboas,D/La Coruna TH op 1995 (30)}) 4... Bg4
5. Bg2 e5 6. d5 Nb8 7. h3 Bh5 8. O-O Nbd7 9. Nc3 Be7 10. e4 O-O 11. Be3 h6 12.
Qc2 Bxf3 13. Bxf3 Nh7 14. h4 $14 {1-0 Timoshchenko,G-Stromer,A/Cappelle op
1992 (35)}) 4. a3 {Stohl: This became especially popular after Kasparov used
it in 1996. Kasparov-Yermolinsky/Jerevan olm/1996/} (4. g3 {Stohl} Bb4+ 5. Nbd2
d5 6. e3 O-O 7. a3 Bxd2+ 8. Bxd2 Re8 9. Bg2 dxc4 10. Qc2 e5 11. O-O exd4 12.
Nxd4 Nxd4 13. exd4 c6 14. Qxc4 Be6 15. Qb4 Qd7 16. Bf4 Bd5 17. Bxd5 Nxd5 18.
Qd2 Re4 $17 {Bick,J-Blatny,P/Philadelphia World op/1997/}) ({Stohl: White's
ambitious move wants to get more out of the opening,than} 4. Nc3 {Stohl} Bb4 5.
Qc2 O-O {-E33}) 4... d5 {Stohl: Black wants to show White's last move was a
loss of time. Therefore he opts for a Q-gambit pawn structure, instead of
hemming in his Bf8 with d6,e5.} (4... g6 {Stohl} 5. Nc3 Bg7 6. e4 d6 7. Be2 O-O
8. O-O Re8 9. Be3 (9. Bg5 h6 10. Bh4 g5 11. Bg3 Nh5 12. d5 Nxg3 13. hxg3 Ne5
14. Nd4 c6 15. dxe6 fxe6 16. Qd2 a6 17. Rad1 b5 18. cxb5 axb5 19. f4 Nc4 20.
Bxc4 bxc4 21. f5 exf5 22. exf5 Bd7 23. Qc2 Qe7 24. Qf2 Qf6 25. Qf3 d5 26. g4
Re5 27. Qf2 Rae8 $13 {Bagirov,R-Wilhelmi,C/Biel op/1997/}) 9... e5 10. d5 Nd4
11. Re1 Nxe2+ 12. Rxe2 Nh5 13. Ne1 Nf4 14. Rc2 f5 15. f3 fxe4 16. Nxe4 b6 17.
Nd3 Bh6 18. Kh1 g5 19. Ndf2 Rf8 20. Qd2 Qe8 21. b4 Qh5 22. Rg1 Nh3 23. Nxh3
Bxh3 24. Bxg5 Bxg5 25. gxh3 Qxf3+ 26. Qg2 $18 {Portisch,L-Wilhelmi,C/Frankfurt
act op/1997/}) 5. cxd5 $6 {Stohl: Rather soft, as Black now solves the problem
of develoing his Bc8 and gets easy equality.} (5. Nc3 $5 g6 (5... dxc4 6. e4 (
6. Qa4 $5 Nd5 7. Qxc4 Nb6 8. Qd3 Be7 9. e4 O-O 10. Be2 f5 11. O-O e5 12. dxe5
fxe4 13. Qxd8 Rxd8 14. Nxe4 Bf5 15. Ng3 Bd3 16. Bxd3 Rxd3 17. Nf5 Nc4 18. Nxe7+
Nxe7 19. Re1 Ng6 20. h4 Re8 21. e6 Rd6 22. h5 Nf8 23. e7 Ne6 24. Re4 b5 25. Be3
$16 {Volzhin,A-Vlassov,N/RUS-Cup2 Moscow/1996/}) 6... Na5 7. Bxc4 Nxc4 8. Qa4+
c6 (8... Nd7 $143 9. Qxc4 c5 10. Be3 Nb6 11. Qe2 cxd4 12. Bxd4 f6 13. O-O Be7
14. Rfd1 Bd7 15. Rd2 Qc8 16. Bxb6 axb6 17. Rad1 Bc6 18. Nd5 Bd8 19. Nd4 O-O 20.
Nf4 Ba4 21. b3 $16 {Yakovich,Y-Vlassov,N/Moscow-ch/1996/}) 9. Qxc4 a5 10. Ne5
$14 {Manninen,M-Benjamin,J/Rilton Cup96/97 1996/EXP 57/1/2-1/2 (40)} (10. Ne5
Be7 11. O-O O-O 12. Rd1 Qb6 13. Be3 Qa6 14. Qxa6 Rxa6 15. f3 a4 16. Rac1 Rd8
17. Rc2 Ne8 18. Nd3 f6 19. Kf2 Kf7 $132 {Manninen,M-Benjamin,J/Rilton Cup/1996/
})) (5... Be7 6. e3 (6. Bf4 O-O 7. e3 a6 8. Rc1 dxc4 9. Bxc4 b5 10. Bd3 Bb7 11.
O-O Rc8 12. Qc2 Nb8 13. Ne4 Nbd7 {Cramling,P-Comas Fabrego,L/Barcelona VULCA/
1991/} 14. b4 $1 $16 {[%csl Rc7] ><c7}) 6... O-O 7. Bd3 dxc4 8. Bxc4 Nd5 9. O-O
Nxc3 10. bxc3 Na5 11. Ba2 c5 12. Ne5 (12. e4 $142 $36) 12... f6 $11 {Certek,
P-Brestak,J/SVK-ch Nova Bana 1983/MCD-ch/0-1 (44)} (12... f6 13. Nd3 c4 14. Nb4
f5 15. f4 b6 16. Qe2 Qc7 17. e4 Bb7 18. e5 Nb3 19. Rb1 a5 20. Nc2 $17 {Certek,
P-Brestak,J/SVK-ch Nova Bana/1983/})) (5... a6 6. cxd5 exd5 7. Bg5 Be7 8. e3 h6
9. Bh4 O-O 10. Bd3 Re8 11. O-O Bg4 12. h3 Be6 13. Bc2 Nd7 14. Bg3 Nf8 15. e4
dxe4 16. Bxe4 Na5 17. b4 f5 $132 {0-1 Bykhovsky,A-Kogan,A/Rishon le Zion YM
1995 (50)}) 6. Bg5 (6. Bf4 {Stohl} Bg7 7. e3 O-O 8. Bd3 Ne7 9. O-O b6 10. Rc1
Bb7 11. Be5 a6 12. Qe2 Qd7 13. Rfd1 Rfc8 14. h3 Qe8 15. e4 dxc4 16. Bxc4 b5 17.
Ba2 c5 18. dxc5 Rxc5 19. Qe3 Rcc8 20. Qf4 Nh5 21. Qe3 Nf6 22. Qf4 Nh5 23. Qg4
Rd8 24. Bxg7 Nxg7 25. Qf4 Rxd1+ 26. Rxd1 Rd8 27. Rxd8 Qxd8 28. Ne5 $14 {
Notkin,M-Vlassov,N/Moscow op2/1995/}) 6... Bg7 7. e3 O-O (7... h6 8. Bxf6 Bxf6
9. cxd5 exd5 10. Be2 O-O 11. O-O Ne7 12. b4 c6 13. Na4 a6 14. Nc5 Nf5 15. a4
Nd6 16. Nd2 a5 17. bxa5 Qxa5 18. Ndb3 Qc7 19. a5 Nc4 20. Qe1 Bd8 21. Bxc4 dxc4
22. Nd2 Rxa5 23. Nxc4 Rxa1 24. Qxa1 b6 25. Nd3 Bf6 $15 {[%csl Gc8,Gf6] ^^,
Fedorov,V-Vlassov,N/Yalta op/1995/}) 8. Rc1 h6 9. Bxf6 Bxf6 10. cxd5 exd5 11.
Bd3 Ne7 12. O-O c6 13. b4 $14 {Baburin,A-Lee,J/US-op 1997/EXP 58/1-0 (55)} (13.
b4 a6 14. a4 Bg7 15. Nd2 Nf5 16. b5 cxb5 17. axb5 a5 18. Qb3 Be6 19. Bxf5 $16 {
[%csl Rd5,Rf5,Rf7] ק,Baburin,A-Lee,J/US-op/1997/})) (5. e3 dxc4 6. Bxc4 Bd6 7.
Nc3 a6 (7... O-O $142 $13 {Stohl: leads to a position from a Nimzo Indian.}) 8.
e4 e5 9. dxe5 Nxe5 10. Nxe5 Bxe5 11. Qxd8+ $14 {1-0 An Yangfeng-Vilas Boas,L/
Dubai olw 1986/TD 86\02 (22)} (11. Qxd8+ {Stohl} Kxd8 12. Bxf7 Rf8 13. Bb3
Bxc3+ 14. bxc3 Nxe4 15. O-O h6 16. Bb2 Bd7 17. Rad1 $16 {An Yangfeng-Vilas
Boas,L/Dubai olw/1986/})) 5... exd5 6. Bg5 (6. Nc3 Be7 (6... Ne4 {Stohl} 7. Qb3
Nxc3 8. Qxc3 Bd6 9. Bg5 Ne7 10. Bh4 O-O 11. e3 Bf5 12. Bd3 f6 13. Bxf5 Nxf5 14.
Qb3 c6 15. Qxb7 Qa5+ 16. b4 Qa4 17. O-O Rfd8 18. Rfc1 Ne7 19. Rc5 Bxc5 20. dxc5
Kf7 21. Nd4 Rab8 22. Qc7 Rbc8 23. Qb7 Rb8 24. Qc7 Rbc8 25. Qb7 Rb8 {1/2,
Naumann,A-Blatny,P/BL9697/1997/}) 7. Bf4 $11 (7. Bf4 Bd6 8. Bg3 Bf5 9. e3 a6
10. Be2 Ne4 11. Bh4 Qd7 12. Nxd5 O-O 13. Nc3 Ne7 14. O-O b5 15. Rc1 Rac8 16.
Nxe4 Bxe4 17. Bg3 Bxf3 18. Bxf3 Bxg3 19. hxg3 c6 20. Rc5 h6 21. Qc2 Rc7 22. Rc1
Rfc8 23. d5 Qf5 24. d6 Qxc2 25. R1xc2 Rd7 26. dxe7 {1-0,Topalov,V-Kolb,A/
Frankfurt sim/1997/})) 6... Be7 (6... h6 {Stohl} 7. Bh4 $6 {Stohl: A similar
mistake as in our game.} (7. Bxf6 $142 Qxf6 8. Nc3 $14) 7... g5 8. Bg3 Ne4 9.
Ne5 Nxe5 10. Bxe5 f6 11. Bg3 h5 12. f3 Nxg3 13. hxg3 Qd6 14. g4 Qg3+ 15. Kd2
Qf2 16. Nc3 Bd7 17. Kc2 O-O-O 18. Qd2 f5 19. gxh5 f4 20. e4 fxe3 21. Qxf2 exf2
22. Bd3 Bg7 $17 {Rakhmangulov,A-Vlassov,N/Moscow GM2/1996/}) 7. e3 (7. Nc3 Ne4
$1 8. Bxe7 Nxe7 9. Rc1 $11) 7... Ne4 $5 (7... O-O 8. Bd3 Re8 $11) 8. Bf4 $2 {
Stohl: A serious positional mistake, after which Black gains the ^^ and more
importantly, seriously compromises White's pawn structure and his K position.}
(8. Bxe7 Nxe7 $11 (8... Nxe7 $5 {Stohl} 9. Bd3 Nd6 $11 {[%cal Yc8g4,Yc8f5] /
\Bf5,Bg4}) (8... Qxe7 $143 9. Nc3 $14 (9. Bb5 $5 $36))) 8... g5 $1 (8... O-O 9.
Bd3 $11) 9. Be5 (9. Bg3 h5 $15) 9... f6 10. Bg3 (10. Nfd2 $2 h5 11. Nxe4 dxe4
$19) 10... h5 {ץg3} 11. h3 $8 (11. Qb3 h4 12. Bxc7 Qxc7 13. Qxd5 f5 $17) (11.
h4 {Stohl} g4 12. Nfd2 Nxg3 13. fxg3 Bd6 14. Kf2 Ne7 15. Bd3 c5 $5 $17) 11...
Nxg3 12. fxg3 $17 {[%csl Rc4,Gc5,Gd4,Rd5,Ge3,Re4,Rf5,Yg3,Rg5,Yh4]} Bd6 13. Kf2
Ne7 {/\Nf5} 14. Bd3 c6 15. Nc3 (15. Nfd2 Qc7 16. Nf1 $17) 15... Qc7 (15... Nf5
{Stohl} 16. Bxf5 Bxf5 $17) 16. Ne2 Bd7 (16... Nf5 17. Bxf5 Bxf5 $17) 17. Qa4 (
17. e4 dxe4 18. Bxe4 O-O-O $17) 17... Nf5 {[%cal Rf5g3,Rf5e3,Rd6g3,Rc7g3,Rh5h4,
Rh4g3]} 18. Bxf5 (18. g4 $2 {Stohl} Bg3+ $19) 18... Bxf5 19. Rac1 (19. Qb3 $142
) 19... Bd3 (19... O-O $40 {Stohl}) 20. g4 h4 (20... Qb6 21. b4 hxg4 22. hxg4
O-O-O $17) (20... Qd7 $17 {Stohl}) (20... hxg4 $5 {Stohl} 21. hxg4 Rf8 {
[%csl Rg4] /\Qd7,><g4}) 21. Rhe1 O-O $1 {^^,<->e,ע,e3,/^b8-h2 Stohl: Black
has a strategically won position, which he gradually strengthens before the
final combinational attack.} 22. Qd1 Qh7 (22... Be4 23. Kg1 Qe7 $17) 23. Rc3
Be4 (23... Bc4 24. Nd2 $17) 24. Kg1 {Stohl: The K will not be dafe here for
long.} (24. Nd2 {Stohl} f5 25. Nxe4 fxg4+ $19) 24... Rae8 25. Rf1 Bb8 $1 26.
Nd2 Qc7 27. Nxe4 (27. Nf3 f5 $1 28. Ne5 Rxe5 29. dxe5 Qxe5 $40) 27... Qh2+ (
27... Rxe4 {Stohl} 28. Rf3 $17) 28. Kf2 Rxe4 29. Rh1 Bg3+ $1 (29... Qd6 $1 {
[%csl Re3][%cal Rf8e8,Re8e3,Rd6e6] /\<->e,קe3}) (29... Qd6 {Stohl Stohl: was
also sufficient, but Black is ready to attack.}) 30. Kf3 (30. Nxg3 Qxg3+ (30...
hxg3+ $4 {Stohl} 31. Kf3 $18) 31. Kf1 f5 $19) 30... f5 $1 31. Nf4 $8 (31. Rxh2
fxg4#) (31. gxf5 {Stohl} Rxf5+ 32. Nf4 Rfxf4+ (32... gxf4 33. Rxh2 fxe3+ 34.
Ke2 Rf2+ 35. Kd3 e2 36. Qe1 Rf1 37. Qxe2 Rxe2 38. Kxe2 Rb1 $1 $19) 33. exf4
Rxf4+ 34. Ke3 Qxg2 $19) 31... Rxf4+ $5 (31... fxg4+ $142 32. Ke2 $8 gxf4 33.
Rxh2 f3+ 34. gxf3 gxf3+ 35. Kf1 Bxh2 $17 {[%csl Rf3][%cal Rf3f1,Re4e7,Re7g7,
Rg7g1]}) 32. exf4 fxg4+ 33. Kxg4 (33. hxg4 {Stohl} Rxf4+ 34. Ke3 Qxg2 $19)
33... Qxg2 34. Qc2 $1 (34. Qg1 {Stohl} Qe2+ 35. Kxg5 Qe7+ 36. Kh5 Qh7+ $19)
34... Bf2+ (34... Rxf4+ 35. Kxg5 $132) 35. Kh5 Rf7 $2 $138 {->} (35... gxf4
$142 36. Rh2 $1 Qg7 $1 (36... Qxh2 $4 37. Qg6+ Kh8 38. Kh6 $18) 37. Qg6 $8 (37.
Rxf2 Rf6 $19) 37... Qxg6+ 38. Kxg6 Bxd4 $17) (35... Qxh1 $2 {Stohl} 36. Qg6+
$11) 36. Qg6+ Rg7 37. Qe6+ Kh8 38. f5 $2 $138 (38. Qc8+ $1 Rg8 (38... Kh7 $2
39. Qf5+ Kg8 (39... Kh8 40. Kh6 gxf4 41. Rc2 $18) 40. Kh6 Re7 41. Qg6+ $16) 39.
Qe6 $1 Rg7 $8 40. Qc8+ $11) (38. Rd1 {Stohl} gxf4 39. Qf6 Qe4 $19) 38... Qxh1
39. Qf6 (39. f6 Qd1+ 40. Kh6 Rh7+ 41. Kxg5 Qh5+ 42. Kf4 Rf7 $19) 39... Qd1+ 40.
Kh6 Bxd4 0-1

[Event "Tan Chin Nam Cup 7th"]
[Site "Shanghai"]
[Date "2001.??.??"]
[Round "9"]
[White "Krasenkow, Michal"]
[Black "Bologan, Viktor"]
[Result "1/2-1/2"]
[WhiteElo "2575"]
[BlackElo "2655"]
[Annotator "Bologan,V"]
[PlyCount "96"]
[EventDate "2001.07.09"]
[EventType "tourn"]
[EventRounds "9"]
[EventCountry "CHN"]
[EventCategory "16"]
[SourceTitle "CBM 085"]
[Source "ChessBase"]
[SourceDate "2001.11.13"]
[SourceVersion "1"]
[SourceVersionDate "2001.11.13"]
[SourceQuality "1"]

1. d4 Nf6 2. c4 e6 3. Nf3 Nc6 {Normally Iget this position from a different
move order 1.d4 Nf6 2.c4 Nc6 which was named by my coach Vyacheslav Chebanenco
Two Black Knights Tango. Later on these ideas became famous thanks to the
efforts of another moldavian master Georgy Orlov who was also a peuple of
Vyacheslav Andreevich and was one of the coauthors of the opening. Nowdays
this opening is also offten played by the american grandmaster Alexei
Yermolinsky.} 4. a3 d6 5. Nc3 {Another possible settlement is 5...Be7 followed
by 0-0 and e5} g6 6. e4 Bg7 7. h3 O-O 8. Bg5 {! First was introdused by Stuart
Conquest in our game from the European Championship in Ohrid this year.} (8.
Be3 {was played before}) 8... h6 9. Be3 Re8 10. Bd3 Nd7 11. Bc2 {?! Now I
think that white should play similar to my game against Sadler from Enghien
1999.} (11. Be2 {!} e5 (11... Nb6 $14 {!?}) 12. d5 Nd4 13. Nxd4 exd4 14. Bxd4
Bxd4 15. Qxd4 Nc5 16. Qe3 $16 {! in our game with Mathew the pawn was on h7})
11... Nb6 12. b3 a5 {black is just in time to create his counterplay.
Otherwise white would get use of his centre edge to create a straight attack
on the kingside.} 13. Qd2 a4 {!} (13... Kh7 14. h4 $40) 14. Bxh6 {On} (14. Nxa4
{I should reply} Nxa4 {unfortunately didn't work the exchange sacrifice} (14...
Rxa4 {?} 15. bxa4 Nxc4 16. Qc3 Nxe3 17. fxe3 e5 18. d5 Nb8 19. O-O $16) 15.
bxa4 Na5 16. Bxh6 Nxc4 17. Qc1 e5 {!} 18. Bxg7 Kxg7 19. dxe5 Nxe5 20. Nxe5 dxe5
{and black has enough compensation for the pawn}) 14... axb3 15. Bxg7 Kxg7 16.
Bxb3 Na5 17. Qa2 e5 {! now it's important to block the bishop on b3 and to get
some square for the two black knights for there classical tango.} 18. dxe5 {If}
(18. d5 {then} Rh8 {and is already a grave mistake to castle here in a view of
indefenceble attack} 19. O-O {?} Qf6 20. Nh2 Bxh3 {!} 21. gxh3 Rxh3 22. f3 Nxb3
$19) 18... dxe5 19. Nd5 {!?  Untill now we followed the game with Conquest
which went} (19. c5 Nxb3 20. Qxb3 Nd7 21. Qb4 c6 22. Nd2 (22. O-O Qa5) 22...
Nb8 {! and after} (22... Qa5 23. Nb3 Qxb4 24. axb4 Rxa1+ 25. Nxa1 b6 26. cxb6
Nxb6 $16) 23. Qb2 {?!} (23. Ne2 Ra5 24. Nb3 Rb5 25. Qc3 Be6 26. Nec1 Qh4 27.
O-O Bxb3 28. Nxb3 Qxe4) 23... Na6 24. Na4 (24. Nb3 Be6 $15) 24... Qa5 25. Qc2
Rd8 $17 {Black's got a very strong initiative. The text is aimed to improve
white's knight position by moving it to e3 from where he will be able to
attack the kingside and also to protect the c4 pawn. Also is uncoveniente for
black to take on d5 so he will have to loose a tempo by playing c6.}) 19... Nd7
{?! My first intention was to play} (19... c6 {!} 20. Nb4 (20. Nxb6 Qxb6 21.
Bc2 Qc5 22. Bd3 Be6) (20. Ne3 Qd3 21. Nd2 Rd8 {/\Qd2} 22. Rb1 Be6) 20... Be6
21. Rd1 Qf6 22. Nd2 Red8 {with the full compenstion. But then I said to myself
that anyway he will have to go to e3, so why should I help him. It escaped
from my view that at the moment the bishop goes from b3, for me it will be
much more difficult to organize a decent counterplay on the queenside. To be
honest it didn't took too much time to me to take this decision.}) 20. Bc2 b6 {
!? Late I will need the square b7 for my knight from a5. Also I can put som
pressure on c4 by playing Ba6.} 21. h4 $40 {! White is pawn up and has a good
attacking perspectives.} (21. Rd1 c6 (21... Ba6 22. Ne3 Qe7 23. h4 Rh8 24. h5
$16) 22. Ne3 Qe7 23. h4 Nf6 24. Qb2 Ng4) 21... c6 22. Ne3 Nf6 23. Qb2 {Now
when the pawn on c4 is protected white can afford to improve his queen
position.} Qc7 24. Qc3 $14 Nb7 25. h5 {!? from the human point of view it
looks logical to sac a pawn for an attack especially when you one up. But the
cool machine is saying that the pawn is the pawn! Simple} (25. Ng5 Qd6 {
! forcing the castle} 26. O-O {would keep the edge}) 25... Nc5 {?! As I
mentioned the machine says to take it!} (25... Nxh5 26. Nf5+ Kg8 (26... Bxf5
27. exf5 Nc5 28. fxg6 fxg6 29. Nh4 $18) 27. Rd1 {I rejected the pawn capture
in a view of} (27. Ng5 {but here after} f6 {!} 28. Nf3 Nc5 {black can even
overtake the initiative}) 27... Nc5 (27... Nf4 28. g3 Ng2+ 29. Kf1 gxf5 30.
Kxg2 $16) 28. Nd6 Rd8 {!} (28... Re6 29. Nxc8 Qxc8 30. Ng5 Re8 31. Qf3 Qc7 32.
Rxh5 gxh5 33. Qg3 {!} Kh8 (33... h4 34. Qg4 f5 35. exf5 Qg7 36. Rd6 $18) 34.
Rd6 $18) 29. Qxe5 Bg4 $13 {and somehow black is doing fine}) 26. hxg6 {?!} (26.
h6+ Kh8 27. Rh4 $16) 26... fxg6 27. Ng5 Qa7 {! Beginning the hunt season on
the white queen. If I succed to swap the queens then the white pawn weaknesses
will become more obvious.} 28. Nf5+ {!? another gambling at this moment the
polish grandmaster lost almost all his time and still didn't come to any
conclusion about the sequences of the piece sacrifice.} (28. Rh4 Qa5 29. Qxa5
Rxa5 $14) 28... Bxf5 $8 {Yes I had enough time to calculate all these lines
arising after} (28... gxf5 {but why should I, why not to listen to the
intuition which was telling me that white has at list a draw in all these
complications. From another hand I already saw that after the exchange of the
queens I'll be fine.} 29. Qh3 Kf8 30. Qh8+ Ng8 31. Nh7+ Ke7 (31... Kf7 32. Ng5+
Kf8 33. Nh7+) 32. exf5 {! Another soldier comes closer to the enemy king!} (32.
Rd1 Bd7) (32. Qxe5+ Kd8 33. Rd1+ Bd7 34. Qxf5 Qa5+ 35. Kf1 Qc3 36. Nf8 Ra7 $17)
32... Qa5+ 33. Kf1 Qc3 34. f6+ Kd8 35. Rd1+ Kc7 (35... Nd7 36. Bg6 Qb3 37. Bh5
$18 {!}) 36. Qg7+ Kb8 37. Qg6 Qxc4+ 38. Kg1 Ra7 39. Qxe8 Qxc2 40. Rf1 $16 {
So the attack was correct and I saved some time for the rest part of the game.}
) 29. exf5 Qa5 30. Qxa5 Rxa5 31. fxg6 e4 {!  even been at the moment two pawns
down black finely is ok.} 32. Nf7 {!?} (32. Ke2 Nd3 (32... Kxg6 33. Nf3) 33.
Nh3 Ne5 34. Nf4 Nxc4 35. Rh3 Nd5) (32. Kf1 Rd8 33. Rh4 Rd4 34. f3 Rxc4 35. Bxe4
Ncxe4 36. Nxe4 Kxg6 37. Rf4 Nxe4 38. Rxe4 Rxe4 39. fxe4 Kf6) 32... Kxg6 {
The most solid. I was not sure of} (32... Nd3+ 33. Ke2 Ng4 34. Rh4 Ndxf2 (34...
Ngxf2 35. Nd6 Re6 36. Nxe4 Nxe4 37. Kxd3 Rae5 38. Ke3 Nd6+ 39. Kd2 Re2+ 40. Kc3
R6e3+ 41. Bd3 Rxg2 42. Rd4 $16 {!}) 35. Nh6 {!} Nxh6 36. Kxf2 Rf8+ 37. Kg1 e3
38. Rd1 $36) 33. Nd6 Rd8 (33... Re6 {was may be even more presize.} 34. Nc8 (
34. O-O-O Nd3+ 35. Bxd3 Rxd6 36. Bc2 Rxd1+ 37. Rxd1 Rc5 38. Rd4 Kf5 39. Bb3 b5)
34... Re8 35. Nd6) 34. Rh6+ {! Of course I missed it but hopefully for me it
wasn't loosing.} Kg7 (34... Kxh6 35. Nf7+ Kg6 36. Nxd8 $16) 35. Nf5+ Kf7 36.
Ne3 Nd3+ 37. Bxd3 Rxd3 38. g4 {!?} (38. Rb1 Raxa3) 38... Kg7 39. Rh3 Kg6 {
black pieces are perfectly placed so there shouldn't be any problem to make a
draw and to share the first place in the tournament.} 40. Rh8 b5 (40... Raxa3
41. Rxa3 Rxa3 42. Rc8 c5 43. Rc6 Kg5) 41. cxb5 cxb5 42. Rb8 Raxa3 43. Rxa3 Rxa3
44. Rxb5 Ra1+ 45. Ke2 Rg1 46. f4 exf3+ 47. Kxf3 Ra1 48. Re5 Ra4 1/2-1/2

[Event "NOR-ch"]
[Site "Kristiansund"]
[Date "1992.??.??"]
[Round "7"]
[White "Tisdall, Jonathan D"]
[Black "Fossan, Erik"]
[Result "1/2-1/2"]
[WhiteElo "2435"]
[BlackElo "2340"]
[Annotator "Bulletin"]
[PlyCount "50"]
[EventDate "1992.??.??"]
[EventType "swiss"]
[EventRounds "9"]
[EventCountry "NOR"]
[SourceTitle "TD"]
[Source "ChessBase"]
[SourceDate "1994.03.01"]
[SourceVersion "1"]
[SourceVersionDate "1994.03.01"]
[SourceQuality "1"]

1. d4 Nf6 2. c4 e6 3. Nf3 c5 4. d5 b5 5. dxe6 {Det vanligste her er 5.Lg5} fxe6
6. cxb5 Bb7 7. Nbd2 {En alternativ oppstilling ville være 7.Sc3 fulgt av 8.e3
og 9.Ld3} Be7 8. g3 Qa5 9. a4 a6 {OgsÅ 9.- e5 er svært interessant. 10.Lg2 e4
11.Sg5 d5 12.0-0 0-0 og det er iallefall ikke tvil om at sort har kompensasjon
for bonden.} 10. bxa6 Bxa6 $1 {Tisdall hadde oversett styrken av dette trekket
i sine forberedelser.} 11. Bg2 Nc6 12. O-O Rb8 13. b3 O-O $2 (13... Nd5 {
Dette trekket sikrer sort en liten fordel.} 14. Bb2 (14. Ne4 Qb4 $1) 14... Nc3
$15) 14. Nc4 Bxc4 (14... Qc3 $2 15. Bf4 Rxb3 16. Rc1 Qb4 17. Nfd2 {Svart fÅr
ingen kompensasjon for kvaliteten.}) 15. bxc4 Qa6 16. Bg5 {NÅ er det Tisdalls
tur til Е feile.} (16. Nd2 Rb4 17. Ba3 Rxa4 18. Bb2 {Med liten fordel til hvit.
}) 16... Rb4 17. Rb1 Rxb1 18. Qxb1 Qxc4 19. Qb5 Qa2 20. Bf4 Ra8 {[#]Remis Litt
tidlig kanskje, men etter:} 21. Qb7 Rxa4 22. Qc8+ Bf8 23. Ne5 {SÅ ikke noe
bedre enn trekkgjentagelse med:} Ra8 24. Qc7 Ra7 25. Qc8 Ra8 $10 1/2-1/2